000 00519nab a2200145Ia 4500
003 ES-SlBCS
005 20210601133736.0
008 140529s2002 xxu||||| |||| 00| 0 por d
041 _apor
100 1 _aPolicarpo Junior, José
_9209040
245 0 0 _aIndivíduo e racionalidade na cultura pósmoderna, uma discussao segundo Gramsci e Adorno
_c José Policarpo Junior
600 1 4 _aAdorno, Theodor W.
_d, 1903-1969
_913032
773 0 _tEducaçao e Filosofia
_gvol. 16, nº. 31, 2002, págs. 93-110
_wRev1534
942 _cAR
999 _c601398
_d601398